| 000 | 00690nam a22002177a 4500 | ||
|---|---|---|---|
| 999 |
_c42935 _d42935 |
||
| 001 | 14018 | ||
| 003 | CO-MdFUSB | ||
| 005 | 20180622073151.0 | ||
| 008 | 171120t1999 bl ||||| |||| 00| 0 por d | ||
| 040 |
_aCO-MdFUSB _bspa _cCO-MdFUSB _dCO-MdFUSBC _erda |
||
| 041 | 0 | _apor | |
| 082 | 0 | 4 | _aG 226.3 C51811t |
| 100 | 1 |
_aChen, Christian _eautor |
|
| 245 | 1 | 0 |
_aTransformados à imagen de Cristo - o Servo de Deus _b: Como ilustrado no evangelho e vida de Marcos _c / Christian Chen |
| 264 | 4 |
_aBelo Horizonte : _bTesouro Aberto, _c©1999 |
|
| 300 | _a74 Pág. | ||
| 336 |
_2rdacontent _atexto _btxt |
||
| 337 |
_2rdamedia _asin mediación _bn |
||
| 338 |
_2rdacarrier _avolumen _bnc |
||
| 942 | _cBK | ||